|
|
|
|
| LEADER |
00000nam0a2200000 4500 |
| 001 |
14803 |
| 005 |
20231030185843.0 |
| 010 |
|
|
|a 0194313867
|
| 035 |
|
|
|a (RuTPU)RU\TPU\book\14902
|
| 035 |
|
|
|a BOOK00014970
|
| 090 |
|
|
|a 14803
|
| 100 |
|
|
|a 20011209d1998 km y0engy50 ca
|
| 101 |
0 |
|
|a eng
|
| 102 |
|
|
|a GB
|
| 105 |
|
|
|a y e 000zy
|
| 200 |
1 |
|
|a Oxford Wordpower Dictionary
|e for Learners of English
|
| 205 |
|
|
|a Special Price Edition
|
| 210 |
|
|
|a Oxford
|c Oxford University Press
|d 1998
|
| 215 |
|
|
|a 743 p.
|
| 610 |
1 |
|
|a английский язык
|
| 610 |
1 |
|
|a словари
|
| 610 |
1 |
|
|a терминологические словари
|
| 686 |
|
|
|a Ш143.21-43
|v LBC/SL-A
|2 rubbk
|
| 801 |
|
0 |
|a RU
|b 63413507
|c 20011209
|g PSBO
|
| 801 |
|
2 |
|a RU
|b 63413507
|c 20130911
|g PSBO
|
| 942 |
|
|
|c BK
|